|
|
|
|
| LEADER |
00883pam a22002538a 4500 |
| 001 |
00019116 |
| 005 |
20171026081022.0 |
| 008 |
110505s2002 ||||||Viesd |
| 020 |
|
|
|c 7000
|
| 041 |
0 |
# |
|a Vie
|
| 082 |
1 |
# |
|a 959.7
|b L302S
|
| 100 |
0 |
# |
|a Trần Bạch Đằng
|e Chủ biên
|
| 245 |
0 |
0 |
|a Lịch sử Việt Nam bằng tranh
|c Trần Bạch Đằng chủ biên, Lê Văn Nam, Nguyễn Quang Vinh
|n T.20
|p Nhà Lý suy vong
|
| 260 |
# |
# |
|a Tp. Hồ Chí Minh
|b Trẻ
|c 2002
|
| 300 |
# |
# |
|a 111 tr.
|b Ảnh trắng đen
|c 21 cm.
|
| 653 |
# |
# |
|a Lý Công Uẩn
|
| 653 |
# |
# |
|a Nhà lý
|
| 653 |
# |
# |
|a Lịch sử
|
| 700 |
0 |
# |
|a Lê Văn Nam
|
| 700 |
0 |
# |
|a Nguyễn Quang Vinh
|
| 852 |
# |
# |
|j KD.0004455
|
| 852 |
# |
# |
|b Kho đọc
|j KD.0004455
|
| 910 |
|
|
|d 05/05/2011
|
| 980 |
# |
# |
|a Trung tâm Học liệu Lê Vũ Hùng, Trường Đại học Đồng Tháp
|